00362nam a2200133 a 4500008004100000050001500041100002100056245003400077260004600111300001400157350000900171650001400180650003400194120416s1977 ||||||||||||||||| || u aHB 821 Sch aSchachter, Oscar10aSharing the world's resources aNew YorkbColombia University Pressc1977 aix, 172p. a0.00 aRESOURCES aNATURAL RESOURCES--MANAGEMENT